000 02860nam0a2200445 4500
001 RU\NLR\BIBL_A\012711022
005 20220412122456.0
010 _a978-5-9215-0359-5
_9500
021 _aRU
_bКН-П-21-077113
_9КН-П-21-6147
035 _a(NLR Aleph) 012711022
035 _a(RuMoRGB)010868692
090 _a12910088
_c12910088
100 _a20220218d2017 k y0rusy50 ca
101 0 _arus
102 _aRU
105 _aa|||z|||000zy
181 0 _ai3
_baxxe
182 0 _an
200 1 _aГеоинформационное обеспечение цифрового кадастрового картографирования (ЦКК)
_eмонография
_fП. П. Лебедев, В. П. Раклов, Л. Г. Евстратова [и др.]
_gпод общей редакцией: к.т.н., профессор, член-корреспондент РАЕН Раклов В. П.
_gГосударственный университет по землеустройству, Кафедра картографии
203 _aТекст
_bвизуальный
_cнепосредственный
210 _aМосква
_cРедакционно-издательский отдел ГУЗ
_d2017
215 _a135 с.
_cил.
_d20
225 1 _aИтоги научно-исследовательской работы Государственного университета по землеустройству
_vв 2011-2016 гг.
300 _aАвт. указаны на обороте тит. с. в макете и в вып. дан.
320 _aБиблиогр.: с. 133-135 (35 назв.)
330 _aРассматриваются модели и форматы картографического представления кадастровых данных, а также разработанные авторами требования к классификаторам
606 1 _aКартографический кадастр
_xСоставление
_xГеоинформационные системы
_92365531
_3RU\NLR\AUTH\6601634378
675 _a528.9
_v4
686 1 _aД143с51
701 1 _7ca
_8rus
_aЛебедев
_bП. П.
_cд-р техн. наук
_gПетр Петрович
_923967
_3RU\NLR\AUTH\7741016
701 1 _aРаклов
_bВ. П.
_gВячеслав Павлович
701 1 _aЕвстратова
_bЛ. Г.
_gЛариса Геннадьевна
702 1 _aРаклов
_bВ. П.
_gВячеслав Павлович
_4340
711 0 2 _4570
_aГосударственный университет по землеустройству
_bКафедра картографии
_cМосква
_9565248
_3RU\NLR\AUTH\8810033377
942 _cBOOK
980 _aNBR
980 _aNB